[Event "oeism u12_Gilrs_Blitz"]
[Site "austriaU12girls"]
[Date "2020.12.11"]
[Round "6"]
[White "Leefke Giselbrecht"]
[Black "HarryPotter09"]
[Result "0-1"]
[WhiteElo "1481"]
[BlackElo "1487"]
[Annotator "NA RC"]
[PlyCount "68"]
[EventDate "2020.12.11"]
[EventType "blitz"]

1. e4 {[%emt 0:00:03]} e5 {[%emt 0:00:02]} 2. Bc4 {[%emt 0:00:03]} Nf6 {[%emt 0:00:11]} 3. d3 {[%emt 0:00:04]} Bc5 {[%emt 0:00:08]} 4. Nf3 {[%emt 0:00:03]} Nc6 {[%emt 0:00:09]} 5. O-O {[%emt 0:00:02]} d6 {[%emt 0:00:06]} 6. c3 {[%emt 0:00:03]} Bg4 {[%emt 0:00:09]} 7. Nbd2 {[%emt 0:00:03]} O-O {[%emt 0:00:11]} 8. Re1 {[%emt 0:00:02]} Qd7 {[%emt 0:00:15]} 9. Nf1 {[%emt 0:00:03]} Rfb8 {[%emt 0:00:06]} 10. Ng3 {[%emt 0:00:03]} b5 {[%emt 0:00:10]} 11. Bb3 {[%emt 0:00:03]} a5 {[%emt 0:00:04]} 12. h3 {[%emt 0:00:02]} Bxf3 {[%emt 0:00:04]} 13. Qxf3 {[%emt 0:00:03]} a4 {[%emt 0:00:09]} 14. Bc2 {[%emt 0:00:02]} b4 {[%emt 0:00:10]} 15. Nh5 {[%emt 0:00:14]} Nxh5 {[%emt 0:00:25]} 16. Qxh5 {[%emt 0:00:03]} Qe6 {[%emt 0:00:06]} 17. Qf3 {[%emt 0:00:15]} a3 {[%emt 0:00:22]} 18. Bb3 {[%emt 0:00:08]} Qf6 {[%emt 0:00:04]} 19. Qxf6 {[%emt 0:00:06]} gxf6 {[%emt 0:00:02]} 20. Bh6 {[%emt 0:00:05]} axb2 {[%emt 0:00:07]} 21. Rab1 {[%emt 0:00:03]} bxc3 {[%emt 0:00:02]} 22. Re2 {[%emt 0:00:08]} Ne7 {[%emt 0:00:21]} 23. Rc2 {[%emt 0:00:02]} Bd4 {[%emt 0:00:05]} 24. Be3 {[%emt 0:00:05]} Kf8 {[%emt 0:00:11]} 25. Bh6+ {[%emt 0:00:03]} Ke8 {[%emt 0:00:02]} 26. Bd5 {[%emt 0:00:06]} Nxd5 {[%emt 0:00:03]} 27. exd5 {[%emt 0:00:01]} Ke7 {[%emt 0:00:02]} 28. Kf1 {[%emt 0:00:08]} Rxa2 {[%emt 0:00:02]} 29. Ke2 {[%emt 0:00:04]} Ra1 {[%emt 0:00:02]} 30. f3 {[%emt 0:00:14]} Rxb1 {[%emt 0:00:02]} 31. g4 {[%emt 0:00:05]} Rh1 {[%emt 0:00:03]} 32. h4 {[%emt 0:00:03]} Rh2+ {[%emt 0:00:02]} 33. Kd1 {[%emt 0:00:03]} Rxc2 {[%emt 0:00:02]} 34. Kxc2 {[%emt 0:00:02]} b1=Q# {[%emt 0:00:02] Mate Mate} 0-1

[Event "oeism u12_Gilrs_Blitz"]
[Site "austriaU12girls"]
[Date "2020.12.11"]
[Round "6"]
[White "Athene"]
[Black "BiancaD"]
[Result "0-1"]
[WhiteElo "1478"]
[BlackElo "1585"]
[Annotator "NA RC"]
[PlyCount "92"]
[EventDate "2020.12.11"]
[EventType "blitz"]

1. e4 {[%emt 0:00:10]} e5 {[%emt 0:00:01]} 2. Nf3 {[%emt 0:00:04]} Nf6 {[%emt 0:00:01]} 3. d4 {[%emt 0:00:05]} exd4 {[%emt 0:00:02]} 4. Nxd4 {[%emt 0:00:02]} Bc5 {[%emt 0:00:04]} 5. Nc3 {[%emt 0:00:05]} O-O {[%emt 0:00:05]} 6. Bc4 {[%emt 0:00:07]} Re8 {[%emt 0:00:05]} 7. O-O {[%emt 0:00:11]} Nxe4 {[%emt 0:00:08]} 8. Nxe4 {[%emt 0:00:04]} Rxe4 {[%emt 0:00:01]} 9. Qd3 {[%emt 0:00:03]} Rxd4 {[%emt 0:00:09]} 10. Qh3 {[%emt 0:00:07]} Qh4 {[%emt 0:00:05]} 11. c3 {[%emt 0:00:06]} Qxh3 {[%emt 0:00:05]} 12. gxh3 {[%emt 0:00:02]} Rxc4 {[%emt 0:00:01]} 13. Be3 {[%emt 0:00:03]} Bxe3 {[%emt 0:00:02]} 14. fxe3 {[%emt 0:00:00]} Re4 {[%emt 0:00:02]} 15. Rae1 {[%emt 0:00:03]} d5 {[%emt 0:00:02]} 16. c4 {[%emt 0:00:02]} Bxh3 {[%emt 0:00:03]} 17. Rf2 {[%emt 0:00:03]} dxc4 {[%emt 0:00:03]} 18. Rfe2 {[%emt 0:00:03]} Rg4+ {[%emt 0:00:01]} 19. Kh1 {[%emt 0:00:06]} Bg2+ {[%emt 0:00:05]} 20. Kg1 {[%emt 0:00:01]} Bf3+ {[%emt 0:00:02]} 21. Kf2 {[%emt 0:00:03]} Bxe2 {[%emt 0:00:02]} 22. Rxe2 {[%emt 0:00:02]} f5 {[%emt 0:00:03]} 23. e4 {[%emt 0:00:03]} fxe4 {[%emt 0:00:02]} 24. Ke3 {[%emt 0:00:02]} Nc6 {[%emt 0:00:04]} 25. Rf2 {[%emt 0:00:05]} Rf8 {[%emt 0:00:04]} 26. Rxf8+ {[%emt 0:00:04]} Kxf8 {[%emt 0:00:01]} 27. b3 {[%emt 0:00:04]} cxb3 {[%emt 0:00:02]} 28. axb3 {[%emt 0:00:02]} a5 {[%emt 0:00:01]} 29. h3 {[%emt 0:00:00]} Rg3+ {[%emt 0:00:02]} 30. Kxe4 {[%emt 0:00:02]} Rxb3 {[%emt 0:00:01]} 31. h4 {[%emt 0:00:02]} a4 {[%emt 0:00:01]} 32. h5 {[%emt 0:00:03]} a3 {[%emt 0:00:00]} 33. h6 {[%emt 0:00:01]} gxh6 {[%emt 0:00:02]} 34. Kf5 {[%emt 0:00:02]} a2 {[%emt 0:00:02]} 35. Kg4 {[%emt 0:00:01]} a1=Q {[%emt 0:00:02]} 36. Kh5 {[%emt 0:00:00]} Qh1+ {[%emt 0:00:04]} 37. Kg4 {[%emt 0:00:02]} Rb4+ {[%emt 0:00:05]} 38. Kg3 {[%emt 0:00:02]} h5 {[%emt 0:00:05]} 39. Kf2 {[%emt 0:00:02]} Rf4+ {[%emt 0:00:01]} 40. Kg3 {[%emt 0:00:03]} Rb4 {[%emt 0:00:11]} 41. Kf2 {[%emt 0:00:04]} Rb2+ {[%emt 0:00:01]} 42. Kg3 {[%emt 0:00:02]} Qa1 {[%emt 0:00:06]} 43. Kh4 {[%emt 0:00:03]} Qa4+ {[%emt 0:00:02]} 44. Kh3 {[%emt 0:00:03]} Rb3+ {[%emt 0:00:01]} 45. Kg2 {[%emt 0:00:01]} Qa2+ {[%emt 0:00:01]} 46. Kg1 {[%emt 0:00:01]} Rb1# {[%emt 0:00:01] Mate Mate} 0-1

[Event "oeism u12_Gilrs_Blitz"]
[Site "austriaU12girls"]
[Date "2020.12.11"]
[Round "6"]
[White "Ju_Fa29"]
[Black "Jaguarjungle"]
[Result "1-0"]
[WhiteElo "1478"]
[BlackElo "1404"]
[Annotator "NA RC"]
[PlyCount "145"]
[EventDate "2020.12.11"]
[EventType "blitz"]

1. e4 {[%emt 0:00:03]} e5 {[%emt 0:00:11]} 2. Nf3 {[%emt 0:00:01]} Nc6 {[%emt 0:00:02]} 3. Bc4 {[%emt 0:00:02]} Bc5 {[%emt 0:00:02]} 4. c3 {[%emt 0:00:03]} Nf6 {[%emt 0:00:03]} 5. d4 {[%emt 0:00:02]} exd4 {[%emt 0:00:07]} 6. cxd4 {[%emt 0:00:02]} Bb6 {[%emt 0:00:05]} 7. Nc3 {[%emt 0:00:08]} d6 {[%emt 0:00:04]} 8. h3 {[%emt 0:00:10]} Bd7 {[%emt 0:00:04]} 9. O-O {[%emt 0:00:14]} O-O {[%emt 0:00:06]} 10. e5 {[%emt 0:00:04]} dxe5 {[%emt 0:00:03]} 11. dxe5 {[%emt 0:00:08]} Ne8 {[%emt 0:00:12]} 12. Bg5 {[%emt 0:00:08]} Qb8 {[%emt 0:00:06]} 13. Qxd7 {[%emt 0:00:16]} h6 {[%emt 0:00:00]} 14. Bf4 {[%emt 0:00:17]} Qd8 {[%emt 0:00:18]} 15. Qxd8 {[%emt 0:00:12]} Rxd8 {[%emt 0:00:05]} 16. Nd5 {[%emt 0:00:09]} Bc5 {[%emt 0:00:11]} 17. Rad1 {[%emt 0:00:13]} Na5 {[%emt 0:00:05]} 18. Bb3 {[%emt 0:00:22]} Nxb3 {[%emt 0:00:03]} 19. axb3 {[%emt 0:00:03]} c6 {[%emt 0:00:01]} 20. b4 {[%emt 0:00:10]} Bb6 {[%emt 0:00:08]} 21. Nxb6 {[%emt 0:00:12]} axb6 {[%emt 0:00:00]} 22. Be3 {[%emt 0:00:07]} Nc7 {[%emt 0:00:05]} 23. Bxb6 {[%emt 0:00:05]} Rxd1 {[%emt 0:00:04]} 24. Rxd1 {[%emt 0:00:02]} Na8 {[%emt 0:00:09]} 25. Bc5 {[%emt 0:00:05]} Re8 {[%emt 0:00:06]} 26. Rd7 {[%emt 0:00:09]} Kh7 {[%emt 0:00:10]} 27. Rxf7 {[%emt 0:00:07]} Kg8 {[%emt 0:00:02]} 28. Rxb7 {[%emt 0:00:04]} Rd8 {[%emt 0:00:06]} 29. Rc7 {[%emt 0:00:11]} Rd1+ {[%emt 0:00:02]} 30. Kh2 {[%emt 0:00:04]} Nxc7 {[%emt 0:00:00]} 31. Bd6 {[%emt 0:00:02]} Rb1 {[%emt 0:00:03]} 32. Bxc7 {[%emt 0:00:01]} Rxb2 {[%emt 0:00:01]} 33. e6 {[%emt 0:00:05]} Rxb4 {[%emt 0:00:01]} 34. e7 {[%emt 0:00:01]} Re4 {[%emt 0:00:02]} 35. Bd6 {[%emt 0:00:02]} Kf7 {[%emt 0:00:01]} 36. Ne5+ {[%emt 0:00:01]} Rxe5 {[%emt 0:00:08]} 37. Bxe5 {[%emt 0:00:02]} Kxe7 {[%emt 0:00:00]} 38. Bxg7 {[%emt 0:00:03]} c5 {[%emt 0:00:03]} 39. Bxh6 {[%emt 0:00:00]} c4 {[%emt 0:00:00]} 40. Bd2 {[%emt 0:00:02]} Kd6 {[%emt 0:00:03]} 41. f3 {[%emt 0:00:00]} Kd5 {[%emt 0:00:00]} 42. h4 {[%emt 0:00:01]} Kd4 {[%emt 0:00:00]} 43. f4 {[%emt 0:00:02]} Kd3 {[%emt 0:00:00]} 44. Ba5 {[%emt 0:00:04]} c3 {[%emt 0:00:03]} 45. Bxc3 {[%emt 0:00:03]} Kxc3 {[%emt 0:00:00]} 46. f5 {[%emt 0:00:01]} Kd4 {[%emt 0:00:00]} 47. f6 {[%emt 0:00:01]} Ke5 {[%emt 0:00:00]} 48. f7 {[%emt 0:00:01]} Kf5 {[%emt 0:00:03]} 49. f8=Q+ {[%emt 0:00:02]} Kg4 {[%emt 0:00:00]} 50. Qg7+ {[%emt 0:00:01]} Kxh4 {[%emt 0:00:00]} 51. Qh8+ {[%emt 0:00:03]} Kg5 {[%emt 0:00:02]} 52. Qh7 {[%emt 0:00:03]} Kf6 {[%emt 0:00:02]} 53. Qg8 {[%emt 0:00:01]} Ke7 {[%emt 0:00:02]} 54. Qg7+ {[%emt 0:00:03]} Ke6 {[%emt 0:00:11]} 55. g4 {[%emt 0:00:00]} Kd5 {[%emt 0:00:04]} 56. g5 {[%emt 0:00:00]} Ke6 {[%emt 0:00:02]} 57. g6 {[%emt 0:00:00]} Kf5 {[%emt 0:00:02]} 58. Qf8+ {[%emt 0:00:00]} Kxg6 {[%emt 0:00:01]} 59. Qg8+ {[%emt 0:00:02]} Kf6 {[%emt 0:00:03]} 60. Kg3 {[%emt 0:00:02]} Kf5 {[%emt 0:00:02]} 61. Qe8 {[%emt 0:00:03]} Kf6 {[%emt 0:00:03]} 62. Kf4 {[%emt 0:00:01]} Kg7 {[%emt 0:00:04]} 63. Ke5 {[%emt 0:00:02]} Kh7 {[%emt 0:00:03]} 64. Qf8 {[%emt 0:00:03]} Kg6 {[%emt 0:00:02]} 65. Ke6 {[%emt 0:00:01]} Kg5 {[%emt 0:00:01]} 66. Qf5+ {[%emt 0:00:02]} Kh4 {[%emt 0:00:04]} 67. Kf6 {[%emt 0:00:02]} Kg3 {[%emt 0:00:02]} 68. Kg6 {[%emt 0:00:05]} Kg2 {[%emt 0:00:04]} 69. Kg5 {[%emt 0:00:02]} Kg3 {[%emt 0:00:02]} 70. Qf4+ {[%emt 0:00:02]} Kg2 {[%emt 0:00:07]} 71. Kg4 {[%emt 0:00:01]} Kg1 {[%emt 0:00:03]} 72. Kg3 {[%emt 0:00:02]} Kh1 {[%emt 0:00:01]} 73. Qf1# {[%emt 0:00:04] Mate Mate} 1-0

[Event "oeism u12_Gilrs_Blitz"]
[Site "austriaU12girls"]
[Date "2020.12.11"]
[Round "6"]
[White "Orchidee14"]
[Black "efiona2008"]
[Result "0-1"]
[WhiteElo "1324"]
[BlackElo "1467"]
[Annotator "NA RC"]
[PlyCount "98"]
[EventDate "2020.12.11"]
[EventType "blitz"]

1. e4 {[%emt 0:00:05]} e5 {[%emt 0:00:03]} 2. Nf3 {[%emt 0:00:02]} Nc6 {[%emt 0:00:02]} 3. d4 {[%emt 0:00:03]} d6 {[%emt 0:00:04]} 4. Nc3 {[%emt 0:00:03]} Nf6 {[%emt 0:00:07]} 5. Bb5 {[%emt 0:00:02]} Qe7 {[%emt 0:00:10]} 6. O-O {[%emt 0:00:04]} Bd7 {[%emt 0:00:02]} 7. d5 {[%emt 0:00:06]} Nd4 {[%emt 0:00:13]} 8. Bxd7+ {[%emt 0:00:07]} Qxd7 {[%emt 0:00:02]} 9. Nxd4 {[%emt 0:00:02]} exd4 {[%emt 0:00:05]} 10. Qxd4 {[%emt 0:00:03]} c5 {[%emt 0:00:06]} 11. Qd1 {[%emt 0:00:10]} Be7 {[%emt 0:00:12]} 12. Bg5 {[%emt 0:00:06]} O-O {[%emt 0:00:03]} 13. Bxf6 {[%emt 0:00:12]} Bxf6 {[%emt 0:00:03]} 14. Re1 {[%emt 0:00:02]} Rfe8 {[%emt 0:00:10]} 15. Ne2 {[%emt 0:00:08]} Qg4 {[%emt 0:00:11]} 16. f3 {[%emt 0:00:04]} Qd7 {[%emt 0:00:08]} 17. Nf4 {[%emt 0:00:09]} Bxb2 {[%emt 0:00:04]} 18. Nh3 {[%emt 0:00:04]} Bxa1 {[%emt 0:00:04]} 19. Qxa1 {[%emt 0:00:04]} Re7 {[%emt 0:00:09]} 20. Nf4 {[%emt 0:00:04]} Rae8 {[%emt 0:00:12]} 21. Nh5 {[%emt 0:00:12]} f5 {[%emt 0:00:13]} 22. Rd1 {[%emt 0:00:26]} fxe4 {[%emt 0:00:06]} 23. fxe4 {[%emt 0:00:04]} Rxe4 {[%emt 0:00:05]} 24. Rf1 {[%emt 0:00:07]} Qg4 {[%emt 0:00:15]} 25. Ng3 {[%emt 0:00:27] Orchidee14 offers a draw} R4e5 {[%emt 0:00:18]} 26. Qb1 {[%emt 0:00:12]} Qd4+ {[%emt 0:00:04]} 27. Kh1 {[%emt 0:00:05]} Qd2 {[%emt 0:00:09]} 28. c3 {[%emt 0:00:04]} Re1 {[%emt 0:00:12]} 29. h3 {[%emt 0:00:10]} Rxb1 {[%emt 0:00:07]} 30. Rg1 {[%emt 0:00:14]} Rxg1+ {[%emt 0:00:03]} 31. Kxg1 {[%emt 0:00:03]} Re1+ {[%emt 0:00:03]} 32. Kh2 {[%emt 0:00:01]} Re3 {[%emt 0:00:06]} 33. Nf1 {[%emt 0:00:05]} Qf2 {[%emt 0:00:08]} 34. Nxe3 {[%emt 0:00:02]} Qxe3 {[%emt 0:00:02]} 35. Kh1 {[%emt 0:00:01]} Qf4 {[%emt 0:00:01]} 36. Kg1 {[%emt 0:00:01]} Qc1+ {[%emt 0:00:02]} 37. Kh2 {[%emt 0:00:02]} Qxc3 {[%emt 0:00:01]} 38. Kh1 {[%emt 0:00:02]} Qe1+ {[%emt 0:00:02]} 39. Kh2 {[%emt 0:00:01]} c4 {[%emt 0:00:01]} 40. h4 {[%emt 0:00:05]} c3 {[%emt 0:00:02]} 41. Kh3 {[%emt 0:00:01]} c2 {[%emt 0:00:02]} 42. Kh2 {[%emt 0:00:02]} c1=R {[%emt 0:00:05]} 43. Kh3 {[%emt 0:00:03]} Qh1+ {[%emt 0:00:03]} 44. Kg3 {[%emt 0:00:02]} Rc3+ {[%emt 0:00:02]} 45. Kg4 {[%emt 0:00:01]} Qxg2+ {[%emt 0:00:01]} 46. Kh5 {[%emt 0:00:02]} Qg3 {[%emt 0:00:03]} 47. a3 {[%emt 0:00:03]} Rc4 {[%emt 0:00:01]} 48. a4 {[%emt 0:00:02]} Rc5 {[%emt 0:00:03]} 49. a5 {[%emt 0:00:02]} Rxd5# {[%emt 0:00:02] Mate Mate} 0-1

[Event "oeism u12_Gilrs_Blitz"]
[Site "austriaU12girls"]
[Date "2020.12.11"]
[Round "7"]
[White "BiancaD"]
[Black "Orchidee14"]
[Result "1-0"]
[WhiteElo "1623"]
[BlackElo "1291"]
[Annotator "NA RC"]
[PlyCount "35"]
[EventDate "2020.12.11"]
[EventType "blitz"]

1. e4 {[%emt 0:00:01]} g6 {[%emt 0:00:04]} 2. Nf3 {[%emt 0:00:01]} Bg7 {[%emt 0:00:03]} 3. Bc4 {[%emt 0:00:01]} d6 {[%emt 0:00:04]} 4. h3 {[%emt 0:00:03]} Nf6 {[%emt 0:00:02]} 5. Nc3 {[%emt 0:00:03]} O-O {[%emt 0:00:04]} 6. O-O {[%emt 0:00:01]} Nc6 {[%emt 0:00:08]} 7. d3 {[%emt 0:00:01]} e5 {[%emt 0:00:06]} 8. d4 {[%emt 0:00:08]} Ne7 {[%emt 0:00:08]} 9. dxe5 {[%emt 0:00:02]} Nd7 {[%emt 0:00:16]} 10. exd6 {[%emt 0:00:04]} cxd6 {[%emt 0:00:02]} 11. Qxd6 {[%emt 0:00:02]} Bf6 {[%emt 0:00:28]} 12. Bg5 {[%emt 0:00:08]} Bxg5 {[%emt 0:00:11]} 13. Nxg5 {[%emt 0:00:02]} b5 {[%emt 0:00:19]} 14. Bxb5 {[%emt 0:00:07]} f5 {[%emt 0:00:03]} 15. Bc4+ {[%emt 0:00:05]} Kh8 {[%emt 0:00:02]} 16. Qg3 {[%emt 0:00:10]} Ne5 {[%emt 0:00:15]} 17. Qxe5+ {[%emt 0:00:04]} Rf6 {[%emt 0:00:10]} 18. Qxf6# {[%emt 0:00:01] Mate Mate} 1-0

[Event "oeism u12_Gilrs_Blitz"]
[Site "austriaU12girls"]
[Date "2020.12.11"]
[Round "7"]
[White "LBchessqueen"]
[Black "Leefke Giselbrecht"]
[Result "1-0"]
[WhiteElo "1582"]
[BlackElo "1464"]
[Annotator "NA RC"]
[PlyCount "113"]
[EventDate "2020.12.11"]
[EventType "blitz"]

1. c4 {[%emt 0:00:03]} c6 {[%emt 0:00:03]} 2. d3 {[%emt 0:00:01]} d5 {[%emt 0:00:03]} 3. cxd5 {[%emt 0:00:02]} cxd5 {[%emt 0:00:03]} 4. g3 {[%emt 0:00:01]} Nf6 {[%emt 0:00:03]} 5. Bg2 {[%emt 0:00:01]} Nc6 {[%emt 0:00:03]} 6. Nc3 {[%emt 0:00:00]} Bf5 {[%emt 0:00:08]} 7. Nf3 {[%emt 0:00:03]} e6 {[%emt 0:00:02]} 8. O-O {[%emt 0:00:06]} Be7 {[%emt 0:00:03]} 9. a3 {[%emt 0:00:10]} O-O {[%emt 0:00:03]} 10. Bg5 {[%emt 0:00:05]} h6 {[%emt 0:00:06]} 11. Bd2 {[%emt 0:00:10]} Rc8 {[%emt 0:00:03]} 12. b4 {[%emt 0:00:14]} Qd7 {[%emt 0:00:30]} 13. Bf4 {[%emt 0:00:13]} b5 {[%emt 0:00:16]} 14. Nxb5 {[%emt 0:00:10]} a6 {[%emt 0:00:06]} 15. Nc3 {[%emt 0:00:05]} Bd6 {[%emt 0:00:02]} 16. Bxd6 {[%emt 0:00:12]} Qxd6 {[%emt 0:00:02]} 17. Rc1 {[%emt 0:00:10]} Ne5 {[%emt 0:00:04]} 18. Nxe5 {[%emt 0:00:05]} Qxe5 {[%emt 0:00:03]} 19. d4 {[%emt 0:00:10]} Qd6 {[%emt 0:00:08]} 20. e3 {[%emt 0:00:04]} e5 {[%emt 0:00:14]} 21. dxe5 {[%emt 0:00:07]} Qxe5 {[%emt 0:00:02]} 22. Qd4 {[%emt 0:00:20]} Qxd4 {[%emt 0:00:07]} 23. exd4 {[%emt 0:00:02]} Rfd8 {[%emt 0:00:09]} 24. b5 {[%emt 0:00:12]} axb5 {[%emt 0:00:06]} 25. Nxb5 {[%emt 0:00:04]} Rb8 {[%emt 0:00:04]} 26. Nc7 {[%emt 0:00:06]} Rbc8 {[%emt 0:00:10]} 27. a4 {[%emt 0:00:05]} Rb8 {[%emt 0:00:10]} 28. a5 {[%emt 0:00:04]} Rb4 {[%emt 0:00:04]} 29. a6 {[%emt 0:00:08]} Ra4 {[%emt 0:00:03]} 30. Ra1 {[%emt 0:00:09]} Rxa1 {[%emt 0:00:05]} 31. Rxa1 {[%emt 0:00:02]} Nd7 {[%emt 0:00:06]} 32. a7 {[%emt 0:00:02]} Nb6 {[%emt 0:00:02]} 33. Ra6 {[%emt 0:00:05]} Na8 {[%emt 0:00:10]} 34. Nxa8 {[%emt 0:00:01]} Rxa8 {[%emt 0:00:03]} 35. Bxd5 {[%emt 0:00:00]} Rd8 {[%emt 0:00:08]} 36. a8=Q {[%emt 0:00:02]} Rxa8 {[%emt 0:00:03]} 37. Rxa8+ {[%emt 0:00:00]} Kh7 {[%emt 0:00:03]} 38. Bxf7 {[%emt 0:00:03]} h5 {[%emt 0:00:07]} 39. d5 {[%emt 0:00:02]} Be4 {[%emt 0:00:05]} 40. d6 {[%emt 0:00:02]} Bf5 {[%emt 0:00:03]} 41. Be8 {[%emt 0:00:06]} Kh6 {[%emt 0:00:06]} 42. Ra6 {[%emt 0:00:05]} g6 {[%emt 0:00:05]} 43. d7 {[%emt 0:00:04]} Bxd7 {[%emt 0:00:03]} 44. Bxd7 {[%emt 0:00:00]} Kg5 {[%emt 0:00:04]} 45. Be8 {[%emt 0:00:03]} h4 {[%emt 0:00:08]} 46. Rxg6+ {[%emt 0:00:03]} Kf5 {[%emt 0:00:04]} 47. gxh4 {[%emt 0:00:02]} Ke5 {[%emt 0:00:03]} 48. h5 {[%emt 0:00:01]} Kd4 {[%emt 0:00:02]} 49. h6 {[%emt 0:00:01]} Ke5 {[%emt 0:00:02]} 50. h7 {[%emt 0:00:01]} Kd4 {[%emt 0:00:02]} 51. h8=Q+ {[%emt 0:00:02]} Ke4 {[%emt 0:00:03]} 52. Qf8 {[%emt 0:00:06]} Kd4 {[%emt 0:00:02]} 53. Re6 {[%emt 0:00:02]} Kd5 {[%emt 0:00:03]} 54. Qd6+ {[%emt 0:00:01]} Kc4 {[%emt 0:00:02]} 55. Re7 {[%emt 0:00:03]} Kb3 {[%emt 0:00:03]} 56. Rc7 {[%emt 0:00:02]} Ka2 {[%emt 0:00:05]} 57. Qb6 {[%emt 0:00:01] TimeB} 1-0

[Event "oeism u12_Gilrs_Blitz"]
[Site "austriaU12girls"]
[Date "2020.12.11"]
[Round "7"]
[White "HarryPotter09"]
[Black "Athene"]
[Result "1/2-1/2"]
[WhiteElo "1503"]
[BlackElo "1431"]
[Annotator "NA"]
[PlyCount "78"]
[EventDate "2020.12.11"]
[EventType "blitz"]

1. e4 {[%emt 0:00:04]} e5 {[%emt 0:00:01]} 2. Nf3 {[%emt 0:00:02]} Nc6 {[%emt 0:00:01]} 3. Bc4 {[%emt 0:00:01]} Bc5 {[%emt 0:00:02]} 4. c3 {[%emt 0:00:01]} Nf6 {[%emt 0:00:02]} 5. d4 {[%emt 0:00:01]} exd4 {[%emt 0:00:01]} 6. e5 {[%emt 0:00:01]} d5 {[%emt 0:00:03]} 7. Bb5 {[%emt 0:00:01]} Ng4 {[%emt 0:00:13]} 8. cxd4 {[%emt 0:00:02]} Bb4+ {[%emt 0:00:04]} 9. Nc3 {[%emt 0:00:01]} a6 {[%emt 0:00:05]} 10. Bxc6+ {[%emt 0:00:02]} bxc6 {[%emt 0:00:02]} 11. O-O {[%emt 0:00:03]} Bf5 {[%emt 0:00:02]} 12. Re1 {[%emt 0:00:10]} O-O {[%emt 0:00:03]} 13. Bf4 {[%emt 0:00:06]} f6 {[%emt 0:00:05]} 14. exf6 {[%emt 0:00:06]} Rxf6 {[%emt 0:00:00]} 15. Be5 {[%emt 0:00:27]} Re6 {[%emt 0:00:09]} 16. Qb3 {[%emt 0:00:32]} Bd6 {[%emt 0:00:08]} 17. Bxd6 {[%emt 0:00:06]} Rxe1+ {[%emt 0:00:06]} 18. Rxe1 {[%emt 0:00:02]} cxd6 {[%emt 0:00:00]} 19. Qd1 {[%emt 0:00:11]} Rc8 {[%emt 0:00:11]} 20. h3 {[%emt 0:00:16]} Nf6 {[%emt 0:00:06]} 21. Ng5 {[%emt 0:00:09]} Qd7 {[%emt 0:00:21]} 22. Re2 {[%emt 0:00:15]} Re8 {[%emt 0:00:17]} 23. Rxe8+ {[%emt 0:00:04]} Qxe8 {[%emt 0:00:05]} 24. Qa4 {[%emt 0:00:08]} Qe1+ {[%emt 0:00:04]} 25. Kh2 {[%emt 0:00:04]} Qxf2 {[%emt 0:00:09]} 26. Qxc6 {[%emt 0:00:07]} h6 {[%emt 0:00:12]} 27. Qa8+ {[%emt 0:00:12]} Bc8 {[%emt 0:00:10]} 28. Qxc8+ {[%emt 0:00:01]} Ne8 {[%emt 0:00:01]} 29. Qxe8+ {[%emt 0:00:02]} Qf8 {[%emt 0:00:00]} 30. Qe6+ {[%emt 0:00:11]} Kh8 {[%emt 0:00:04]} 31. Nf3 {[%emt 0:00:08]} Qf4+ {[%emt 0:00:05]} 32. Kg1 {[%emt 0:00:09]} Qc1+ {[%emt 0:00:05]} 33. Qe1 {[%emt 0:00:09]} Qxb2 {[%emt 0:00:03]} 34. Qe8+ {[%emt 0:00:04]} Kh7 {[%emt 0:00:02]} 35. Ng5+ {[%emt 0:00:02]} hxg5 {[%emt 0:00:06]} 36. Qh5+ {[%emt 0:00:01]} Kg8 {[%emt 0:00:02]} 37. Qe8+ {[%emt 0:00:01]} Kh7 {[%emt 0:00:02]} 38. Qh5+ {[%emt 0:00:02]} Kg8 {[%emt 0:00:01]} 39. Qe8+ {[%emt 0:00:02]} Kh7 {[%emt 0:00:04] Threefold Rep Threefold Rep} 1/2-1/2

[Event "oeism u12_Gilrs_Blitz"]
[Site "austriaU12girls"]
[Date "2020.12.11"]
[Round "7"]
[White "efiona2008"]
[Black "Ju_Fa29"]
[Result "0-1"]
[WhiteElo "1481"]
[BlackElo "1532"]
[Annotator "NA"]
[PlyCount "90"]
[EventDate "2020.12.11"]
[EventType "blitz"]

1. e4 {[%emt 0:00:03]} e5 {[%emt 0:00:01]} 2. Nf3 {[%emt 0:00:02]} Nc6 {[%emt 0:00:01]} 3. Nc3 {[%emt 0:00:02]} Nf6 {[%emt 0:00:03]} 4. Bc4 {[%emt 0:00:02]} Bc5 {[%emt 0:00:02]} 5. d3 {[%emt 0:00:02]} d6 {[%emt 0:00:04]} 6. Bg5 {[%emt 0:00:02]} h6 {[%emt 0:00:02]} 7. Bh4 {[%emt 0:00:02]} g5 {[%emt 0:00:04]} 8. Bg3 {[%emt 0:00:02]} Be6 {[%emt 0:00:06]} 9. Bxe6 {[%emt 0:00:10]} fxe6 {[%emt 0:00:02]} 10. Qd2 {[%emt 0:00:09]} Qd7 {[%emt 0:00:06]} 11. Nb5 {[%emt 0:00:12]} a6 {[%emt 0:00:04]} 12. Nc3 {[%emt 0:00:03]} O-O-O {[%emt 0:00:03]} 13. d4 {[%emt 0:00:13]} exd4 {[%emt 0:00:03]} 14. Na4 {[%emt 0:00:08]} e5 {[%emt 0:00:12]} 15. Nxc5 {[%emt 0:00:04]} dxc5 {[%emt 0:00:01]} 16. Nxe5 {[%emt 0:00:08]} Nxe5 {[%emt 0:00:04]} 17. Bxe5 {[%emt 0:00:02]} Qe6 {[%emt 0:00:01]} 18. f4 {[%emt 0:00:05]} Rhf8 {[%emt 0:00:36]} 19. Bxf6 {[%emt 0:00:15]} Qxe4+ {[%emt 0:00:04]} 20. Qe2 {[%emt 0:00:08]} Qxe2+ {[%emt 0:00:01]} 21. Kxe2 {[%emt 0:00:02]} Rxf6 {[%emt 0:00:03]} 22. Kf3 {[%emt 0:00:02]} Rxf4+ {[%emt 0:00:04]} 23. Kg3 {[%emt 0:00:04]} Re8 {[%emt 0:00:03]} 24. h3 {[%emt 0:00:11]} Re3+ {[%emt 0:00:04]} 25. Kh2 {[%emt 0:00:02]} Re2 {[%emt 0:00:01]} 26. Rac1 {[%emt 0:00:17]} Rff2 {[%emt 0:00:02]} 27. Rhg1 {[%emt 0:00:07]} Rxc2 {[%emt 0:00:05]} 28. Rxc2 {[%emt 0:00:04]} Rxc2 {[%emt 0:00:02]} 29. Rb1 {[%emt 0:00:02]} d3 {[%emt 0:00:04]} 30. Kg1 {[%emt 0:00:06]} d2 {[%emt 0:00:02]} 31. Kf1 {[%emt 0:00:06]} Rc1+ {[%emt 0:00:01]} 32. Rxc1 {[%emt 0:00:03]} dxc1=Q+ {[%emt 0:00:02]} 33. Ke2 {[%emt 0:00:02]} Qxb2+ {[%emt 0:00:02]} 34. Kf3 {[%emt 0:00:03]} Qxa2 {[%emt 0:00:03]} 35. Kg4 {[%emt 0:00:02]} c4 {[%emt 0:00:03]} 36. Kf3 {[%emt 0:00:04]} c3 {[%emt 0:00:00]} 37. Ke3 {[%emt 0:00:02]} c2 {[%emt 0:00:00]} 38. Kd2 {[%emt 0:00:02]} c1=Q+ {[%emt 0:00:00]} 39. Kxc1 {[%emt 0:00:02]} Qxg2 {[%emt 0:00:04]} 40. Kb1 {[%emt 0:00:03]} Kd7 {[%emt 0:00:03]} 41. Kc1 {[%emt 0:00:02]} Kc6 {[%emt 0:00:01]} 42. Kd1 {[%emt 0:00:01]} Kd5 {[%emt 0:00:02]} 43. Ke1 {[%emt 0:00:10]} Ke4 {[%emt 0:00:04]} 44. Kd1 {[%emt 0:00:04]} Kd3 {[%emt 0:00:01]} 45. Kc1 {[%emt 0:00:02]} Qc2# {[%emt 0:00:01] Mate Mate} 0-1